Ủy ban Trung ương Mặt trận tổ quốc Việt Nam: Niên giám 2000 - 2001
में बचाया:
| मुख्य लेखक: | |
|---|---|
| स्वरूप: | पुस्तक |
| भाषा: | Undetermined |
| प्रकाशित: |
H.
CTQG
2002
|
| विषय: | |
| टैग : |
टैग जोड़ें
कोई टैग नहीं, इस रिकॉर्ड को टैग करने वाले पहले व्यक्ति बनें!
|
| Thư viện lưu trữ: | Trung tâm Học liệu Trường Đại học Cần Thơ |
|---|
| LEADER | 00598nam a2200205Ia 4500 | ||
|---|---|---|---|
| 001 | CTU_58419 | ||
| 008 | 210402s9999 xx 000 0 und d | ||
| 020 | |b 195000 | ||
| 082 | |a 324.2597075 | ||
| 082 | |b U523 | ||
| 100 | |a Võ Văn Cận ... [et al.] | ||
| 245 | 0 | |a Ủy ban Trung ương Mặt trận tổ quốc Việt Nam: Niên giám 2000 - 2001 | |
| 245 | 0 | |c Võ Văn Cận ... [et al.] | |
| 260 | |a H. | ||
| 260 | |b CTQG | ||
| 260 | |c 2002 | ||
| 650 | |a communists | ||
| 650 | |z vietnam | ||
| 904 | |i Minh | ||
| 980 | |a Trung tâm Học liệu Trường Đại học Cần Thơ | ||